[Event "IECG CE.2003.0.00055 email"]
[Site "IECG email"]
[Date "2003.07.05"]
[Round "?"]
[White "Booth, Grahame"]
[Black "Vacchiano, Claudio"]
[Result "1-0"]
[WhiteElo "1200"]
[BlackElo "1200"]
[PlyCount "36"]
[EventDate "2003.07.05"]
[EventType "tourn (corr)"]
[EventRounds "6"]
[SourceTitle "Corr 2008"]
[Source "ChessBase"]
[SourceDate "2008.06.24"]
[SourceVersion "1"]
[SourceVersionDate "2008.06.24"]
[SourceQuality "1"]

1. e4 e6 2. Nf3 c5 3. Nc3 Nc6 4. g4 d5 5. exd5 exd5 6. Qe2+ Be6 7. Ng5 Qxg5 8. Nb5 Kd7 9. d4 Qxg4 10. Qe3 a6 11. Nc3 cxd4 12. Qd3 dxc3 13. Qxc3 Bb4 14. Bh3 Qe4+ 15. Be3 Bxc3+ 16. bxc3 Qxh1+ 17. Ke2 Qxa1 18. f4 Bxh3 1-0